| 000 | 00536nam a2200097Ia 4500 | ||
|---|---|---|---|
| 008 | 170517s9999 xx 000 0 und d | ||
| 245 | _aStarsuckers | ||
| 300 | _aStarsuckers is a feature documentary about the celebrity obsessed media, that uncovers the real reasons behind our addiction to fame and blows the lid on the corporations and individuals who profit from it. Made completely independently over 2 years in secret, the film... | ||
| 650 | _xMedia. | ||
| 856 | _uhttp://topdocumentaryfilms.com/tabloids-tories-and-telephone-hacking/ | ||
| 999 |
_c333545 _d333545 |
||